Datum a čas kvízu
30
Celkem bodů
Celkový počet nahraných bodů na tomto kvízu bez doplňovacích otázek.
7.
Pořadí na kvízu
Konečné umístění týmu na tomto kvízu.
Zaznamenané odpovědi
| # | Otázka | Odpověď | Body | Výsledky |
|---|---|---|---|---|
| 1. | Jeden muž si chtěl ulehčit par... | přemaloval čáry na vozovce | 0 | |
| 2. | V pondělí padla vláda jedné ev... | Francie | 0 | |
| 3. | Jak se nazývá snímek, který zí... | Oppenheimer | 1 | |
| 4. | Roční míra inflace v jisté zem... | Argentina | 1 | |
| 5. | V pondělí zdolala 49letá Eva P... | C) stomatologii | 1 | |
| 6. | Některá slova mají různé grama... | (o) hrabatech | 1 | |
| 7. | Přiřaďte ke každému slovu jeho... | 1D 2B 3A 4C | 0 | |
| 8. | Dva gramatické rody můžeme při... | sršeň | 0 | |
| 9. | V minulé otázce jsme se ptali... | zombie | 1 | |
| 10. | Začátkem roku 2023 byla Ústave... | hranolka, hranolek | 1 |